Diagnóstico y macro análisis administrativos del sector público del istmo centroamericano
Guardado en:
| Autor Corporativo: | |
|---|---|
| Formato: | Texto |
| Publicado: |
San José:
ESAPAC
|
| Etiquetas: |
Agregar Etiqueta
Sin Etiquetas, Sea el primero en etiquetar este registro!
|
MARC
| LEADER | 00000 a a2200000 04500 | ||
|---|---|---|---|
| 001 | 22528 | ||
| 003 | |||
| 040 | |||
| 090 | |a 153400 | ||
| 110 | |a ESAPAC | ||
| 245 | |a Diagnóstico y macro análisis administrativos del sector público del istmo centroamericano | ||
| 260 | |a San José: |b ESAPAC | ||
| 300 | |a 65 p. | ||
| 999 | |c 10676 |d 10676 | ||
